Ethnic blends : (Record no. 53488)
[ view plain ]
| 000 -LEADER | |
|---|---|
| fixed length control field | 02076cam a2200349 a 4500 |
| 001 - CONTROL NUMBER | |
| control field | 15929705 |
| 005 - DATE AND TIME OF LATEST TRANSACTION | |
| control field | 20250305192923.0 |
| 008 - FIXED-LENGTH DATA ELEMENTS--GENERAL INFORMATION | |
| fixed length control field | 091001s2010 miua b 000 0 eng |
| 010 ## - LIBRARY OF CONGRESS CONTROL NUMBER | |
| LC control number | 2009040177 |
| 020 ## - INTERNATIONAL STANDARD BOOK NUMBER | |
| International Standard Book Number | 9780310321231 (softcover) |
| 020 ## - INTERNATIONAL STANDARD BOOK NUMBER | |
| International Standard Book Number | 0310321239 (softcover) |
| 035 ## - SYSTEM CONTROL NUMBER | |
| System control number | (OCoLC)ocn424557472 |
| 040 ## - CATALOGING SOURCE | |
| Original cataloging agency | DLC |
| Transcribing agency | DLC |
| Modifying agency | YDX |
| -- | DLC |
| 100 1# - MAIN ENTRY--PERSONAL NAME | |
| Personal name | DeYmaz, Mark, |
| Dates associated with a name | 1961- |
| 245 10 - TITLE STATEMENT | |
| Title | Ethnic blends : |
| Remainder of title | mixing diversity into your local church / |
| Statement of responsibility, etc | Mark Deymaz and Harry Li. |
| 260 ## - PUBLICATION, DISTRIBUTION, ETC. (IMPRINT) | |
| Place of publication, distribution, etc | Grand Rapids, Mich. : |
| Name of publisher, distributor, etc | Zondervan, |
| Date of publication, distribution, etc | c2010. |
| 300 ## - PHYSICAL DESCRIPTION | |
| Extent | 230 p. : |
| Other physical details | ill. ; |
| Dimensions | 21 cm. |
| 336 ## - CONTENT TYPE | |
| Content Type Term | text |
| 337 ## - MEDIA TYPE | |
| Media Type Term | unmediated |
| 338 ## - CARRIER TYPE | |
| Carrier Type Term | volume |
| 490 1# - SERIES STATEMENT | |
| Series statement | The leadership network innovation series |
| 504 ## - BIBLIOGRAPHY, ETC. NOTE | |
| Bibliography, etc | Includes bibliographical references. |
| 505 0# - FORMATTED CONTENTS NOTE | |
| Formatted contents note | Acquiring the taste -- I'll drink to that! mandate and commitments of a diverse congregation -- Blending as a family: overcoming the personal obstacles -- Harvesting tips from the old country: overcoming the theological obstacles -- Regular or decaf? overcoming the philosophical obstacles -- Can I pour you a cup? overcoming the practical obstacles -- Roasting for flavor: overcoming the cross-cultural obstacles -- Husking the outer shell: overcoming the relational obstacles -- Strange brews: overcoming the spiritual obstacles -- Conclusion: an everlasting aroma -- Appendix 1 church profiles -- Appendix 2 mosaix -- Appendix 3 of gifts and love: comparing Paul's thoughts in 1 Corinthians 12-14 with those in Ephesians 4 -- Appendix 4 variations of multi-ethnic churches -- Appendix 5 conflict norms for pastoral staff and elders: mosaic church of central Arkansas. |
| 650 #0 - SUBJECT ADDED ENTRY--TOPICAL TERM | |
| Topical term or geographic name as entry element | Church and minorities. |
| 650 #0 - SUBJECT ADDED ENTRY--TOPICAL TERM | |
| Topical term or geographic name as entry element | Church work with minorities. |
| 650 #0 - SUBJECT ADDED ENTRY--TOPICAL TERM | |
| Topical term or geographic name as entry element | Ethnicity |
| General subdivision | Religious aspects |
| -- | Christianity. |
| 650 #0 - SUBJECT ADDED ENTRY--TOPICAL TERM | |
| Topical term or geographic name as entry element | Multiculturalism |
| General subdivision | Religious aspects |
| -- | Christianity. |
| 700 1# - ADDED ENTRY--PERSONAL NAME | |
| Personal name | Li, Harry. |
| 830 #0 - SERIES ADDED ENTRY--UNIFORM TITLE | |
| Uniform title | Leadership network innovation series. |
| 942 ## - ADDED ENTRY ELEMENTS (KOHA) | |
| Source of classification or shelving scheme | Library of Congress Classification |
| Item type | Books |
| Withdrawn status | Lost status | Source of classification or shelving scheme | Damaged status | Not for loan | Home library | Current library | Shelving location | Date acquired | Inventory number | Total Checkouts | Full call number | Barcode | Date last seen | Price effective from | Koha item type |
|---|---|---|---|---|---|---|---|---|---|---|---|---|---|---|---|
| Library of Congress Classification | BSOP Library | BSOP Library | GC | 03/05/2025 | 49789 | BV639.M56 D53 2010 | 00058913 | 03/05/2025 | 03/05/2025 | Books |
